书目信息 |
| 题名: |
统计学数学方法
|
|
| 作者: | 哈雷德·克拉美 著 ;郑朴 , 吴锦 译 | |
| 分册: | 第一分册 | |
| 出版信息: | 北京 高等教育出版社 1960 |
|
| 页数: | 136页 | |
| 开本: | 20cm | |
| 丛书名: | ||
| 单 册: | ||
| 中图分类: | C81 | |
| 科图分类: | ||
| 主题词: | 统计--方法 | |
| 电子资源: | ||
| ISBN: | ||
| 000 | 00661nam0 2200217 450 | |
| 001 | 0660392078 | |
| 005 | 20060727164801.35 | |
| 010 | @dCNY0.60 | |
| 100 | @a20060727d1960 km y0chiy0120 ea | |
| 101 | 0 | @achi |
| 102 | @aCN@b110000 | |
| 200 | 1 | @a统计学数学方法@h第一分册@Atong ji xue shu xue fang fa@f哈雷德·克拉美著@Fha lei de·ke la mei zhu@g郑朴,吴锦译@Gzheng pu,wu jin yi |
| 210 | @a北京@c高等教育出版社@d1960 | |
| 215 | @a136页@d20cm | |
| 606 | 0 | @a统计@x方法 |
| 690 | @aC81@v3 | |
| 701 | 0 | @a哈雷德·克拉美@Aha lei de·ke la mei@4著 |
| 702 | 0 | @a郑朴@Azheng pu@4译 |
| 702 | 0 | @a吴锦@Awu jin@4译 |
| 801 | 0 | @aCN@bPFT@c20060727 |
| 905 | @a10447@dC81@e45 | |
| 统计学数学方法.第一分册/哈雷德·克拉美著/郑朴,吴锦译.-北京:高等教育出版社,1960 |
| 136页;20cm |
| ISBN :CNY0.60 |
| ● |
| 相关链接 |
|
|
|
|
正题名:统计学数学方法
索取号:C81/45
 
预约/预借
| 序号 | 登录号 | 条形码 | 馆藏地/架位号 | 状态 | 备注 |
| 1 | 0440113 | 204401138 | 密集书库/ [索取号:C81/45] | 在馆 |